Normal view MARC view
  • H. Johana

Entry Personal Name

Number of records used in: 1

001 - CONTROL NUMBER

  • control field: 216

003 - CONTROL NUMBER IDENTIFIER

  • control field: OSt

005 - DATE AND TIME OF LATEST TRANSACTION

  • control field: 20170413154412.0

008 - FIXED-LENGTH DATA ELEMENTS

  • fixed length control field: 170413|| aca||aabn | a|a d

040 ## - CATALOGING SOURCE

  • Original cataloging agency: OSt
  • Transcribing agency: OSt

100 ## - HEADING--PERSONAL NAME

  • Personal name: H. Johana

670 ## - SOURCE DATA FOUND

  • Source citation: Work cat.: (OSt)0: Hasan Hj. Hamzah, 1957- 214, Mahathir :, 2003
Pusat Sumber Maklumat Dato' Haji Sarmin Md Hussin, Akademi Kastam Diraja Malaysia, Melaka
Tel: 06-2331106 | Faks: 06-2313787